Complétez les paroles : Le Temps des Cathédrales - Statistiques

Statistiques générales
  • Ce quiz a été pris 34 fois
  • Le résultat moyen est 7 sur 8
Statistiques - réponses
Paroles précédentes Paroles manquantes % Correct
Il est venu le temps des cathédralesLe monde est entré Dans un nouveau millénaire L'homme a voulu... Monter vers les étoiles
100%
Laissez entrer ces païens, ces vandalesLa fin de ce monde Est prévue pour l'... (x2) An 2000
93%
Il est foutu le temps des cathédralesLa foule des barbares Est aux portes... De la ville
93%
Nous les artistes anonymesDe la sculpture ou de la rime Tenterons de vous la transcrire Pour... Les siècles à venir
93%
Qui promettaient au genre humainDe meilleurs lendemains Il est venu le temps des cathédrales Le monde est entré Dans un nouveau millénaire L'homme a voulu monter vers les étoiles Écrire son histoire Dans le verre... (x2) Ou dans la pierre
90%
C'est une histoire qui a pour lieuParis la belle en l'an de Dieu Mil quatre cent quatre-vingt-deux Histoire d'... Amour et de désir
80%
Il a vu s'élever les toursQu'il avait bâties de ses mains Les poètes et les troubadours Ont chanté... Des chansons d'amour
80%
Écrire son histoireDans le verre ou dans la pierre Pierre après pierre, jour après jour De siècle en... Siècle avec amour
80%
Aucun quiz correspondant
Distribution des résultats
% des personnes avec chaque résultat
Percentile par nombre de réponses
Votre historique - résultats
Vous n’avez pas pris ce quiz